[Event "COL-ch"]
[Site "Boyaca"]
[Date "2022.08.19"]
[Round "5"]
[White "Hernandez Jimenez, Xavi"]
[Black "Latorre, Franklin Leandro"]
[Result "1-0"]
[WhiteElo "1366"]
[BlackElo "1727"]
[PlyCount "67"]
[EventDate "2022.08.17"]
[EventType "swiss"]
[EventRounds "9"]
[EventCountry "COL"]
[SourceTitle "CBM 210 Extra"]
[Source "ChessBase"]
[SourceDate "2022.11.30"]
[SourceVersion "1"]
[SourceVersionDate "2022.11.30"]
[SourceQuality "1"]

1. e4 c6 2. d4 d5 3. Nc3 dxe4 4. Nxe4 Nf6 5. Qd3 Nxe4 6. Qxe4 Nd7 7. c3 Nf6 8. Qc2 Bg4 9. Bc4 e6 10. Bf4 Bd6 11. Bg3 h5 12. Bh4 Qc7 13. Ne2 0-0-0 14. Bd3 e5 15. dxe5 Bxe5 16. 0-0-0 Qa5 17. a3 Qb6 18. Bf5+ Kb8 19. Bxg4 hxg4 20. Qf5 Qc7 21. Bxf6 Bxf6 22. Qxg4 Rxd1+ 23. Rxd1 Qxh2 24. Rd7 Qe5 25. Kb1 Rh4 26. Qg3 Qxg3 27. Nxg3 Rh2 28. Rxf7 Rxg2 29. Ne4 Be5 30. Nc5 Bf6 31. Rxb7+ Kc8 32. f4 Rf2 33. Rf7 Rxf4 34. Rf8+ 1-0

[Event "COL-ch"]
[Site "Boyaca"]
[Date "2022.08.17"]
[Round "2"]
[White "Latorre, Franklin Leandro"]
[Black "Vargas, Mauricio"]
[Result "0-1"]
[WhiteElo "1727"]
[BlackElo "2094"]
[PlyCount "68"]
[EventDate "2022.08.17"]
[EventType "swiss"]
[EventRounds "9"]
[EventCountry "COL"]
[SourceTitle "CBM 210 Extra"]
[Source "ChessBase"]
[SourceDate "2022.11.30"]
[SourceVersion "1"]
[SourceVersionDate "2022.11.30"]
[SourceQuality "1"]

1. e4 c5 2. Nc3 Nc6 3. f4 g6 4. Nf3 Bg7 5. Bb5 Nd4 6. 0-0 Nxb5 7. Nxb5 d5 8. e5 a6 9. Nc3 Bg4 10. d3 h5 11. h3 Bxf3 12. Qxf3 e6 13. Bd2 h4 14. Be1 Rc8 15. Bf2 b5 16. Ne2 Nh6 17. a4 b4 18. Rfd1 Nf5 19. c4 bxc3 20. bxc3 c4 21. Rdb1 0-0 22. Rb7 cxd3 23. Qxd3 Rc4 24. Ra7 Qa5 25. Nd4 Rfc8 26. Nxf5 gxf5 27. Bxh4 Rxf4 28. Bf2 Rxa4 29. Rxa4 Qxa4 30. Rxa6 Rxc3 31. Qxc3 Qxa6 32. Bh4 Qc4 33. Qg3 Qd4+ 34. Kf1 Qxe5 0-1

[Event "Tunja Boyaca op-B"]
[Site "Tunja"]
[Date "2019.08.03"]
[Round "6"]
[White "Serrato Ramirez, Alison Ariana"]
[Black "Latorre, Franklin Leandro"]
[Result "0-1"]
[WhiteElo "1472"]
[BlackElo "1803"]
[PlyCount "74"]
[EventDate "2019.07.31"]
[EventType "swiss"]
[EventRounds "9"]
[EventCountry "COL"]
[SourceTitle "EXT 2020"]
[Source "ChessBase"]
[SourceDate "2019.10.17"]
[SourceVersion "1"]
[SourceVersionDate "2019.10.17"]
[SourceQuality "1"]

1. e4 c5 2. Nf3 g6 3. d4 cxd4 4. Nxd4 Nc6 5. Be3 Nf6 6. Nc3 Bg7 7. Be2 0-0 8. 0-0 d6 9. Qd2 Nxd4 10. Bxd4 Be6 11. Bf3 Qa5 12. Rfd1 Rac8 13. Nd5 Qxd2 14. Rxd2 Nxd5 15. Bxg7 Kxg7 16. exd5 Bf5 17. Rc1 Rc5 18. h3 Rfc8 19. c4 b5 20. b3 R8c7 21. g4 Bc8 22. Be2 bxc4 23. bxc4 Bb7 24. Rcd1 Ba6 25. Rd4 Bxc4 26. Rxc4 Rxc4 27. Bxc4 Rxc4 28. Rd2 Kf8 29. f3 Rb4 30. Kf2 Ke8 31. Ke3 g5 32. Rf2 Ra4 33. Kd3 a5 34. Rh2 Kf8 35. Ke3 Kg7 36. h4 gxh4 37. Rxh4 Rxa2 0-1

[Event "Tunja Boyacense op"]
[Site "Tunja"]
[Date "2018.12.14"]
[Round "3"]
[White "Latorre, Franklin Leandro"]
[Black "Torres, Carlos Fernando"]
[Result "1-0"]
[WhiteElo "1781"]
[BlackElo "1783"]
[PlyCount "91"]
[EventDate "2018.12.13"]
[EventType "swiss"]
[EventRounds "7"]
[EventCountry "COL"]
[SourceTitle "CBM 187 Extra"]
[Source "ChessBase"]
[SourceDate "2018.11.04"]
[SourceVersion "1"]
[SourceVersionDate "2018.11.04"]
[SourceQuality "1"]

1. e4 Nc6 2. f4 d6 3. Nf3 g6 4. Bb5 Bg7 5. d3 Bd7 6. 0-0 Nd4 7. Bxd7+ Qxd7 8. c3 Nxf3+ 9. Rxf3 c5 10. Qe1 Nf6 11. Be3 b5 12. Nd2 a5 13. e5 Ng4 14. exd6 Nxe3 15. Qxe3 Qxd6 16. Ne4 Qc7 17. Qxc5 Qxc5+ 18. Nxc5 b4 19. d4 e6 20. g4 h5 21. g5 Bf8 22. Nd3 Bd6 23. c4 Rc8 24. c5 Bb8 25. a3 b3 26. Nc1 a4 27. Ne2 Ke7 28. Rc1 Rhd8 29. Rc4 Ba7 30. Rxa4 Bxc5 31. dxc5 Rd2 32. Rxb3 Rxe2 33. Rb7+ Ke8 34. Raa7 Rd8 35. Re7+ Kf8 36. Rxf7+ Kg8 37. Rg7+ Kh8 38. Rh7+ Kg8 39. Rag7+ Kf8 40. Rh8+ Kxg7 41. Rxd8 Rxb2 42. Rd7+ Kf8 43. c6 Ke8 44. Rg7 Rc2 45. c7 Kf8 46. Rd7 1-0

[Event "COL-ch"]
[Site "Bogota"]
[Date "2018.11.11"]
[Round "8"]
[White "Latorre, Franklin Leandro"]
[Black "Cabiativa, Juan Esteban"]
[Result "1-0"]
[WhiteElo "1818"]
[BlackElo "1321"]
[PlyCount "63"]
[EventDate "2018.11.06"]
[EventType "swiss"]
[EventRounds "9"]
[EventCountry "COL"]
[SourceTitle "CBM 187 Extra"]
[Source "ChessBase"]
[SourceDate "2018.11.04"]
[SourceVersion "1"]
[SourceVersionDate "2018.11.04"]
[SourceQuality "1"]

1. e4 e6 2. f4 d5 3. e5 c5 4. Bb5+ Bd7 5. Bxd7+ Nxd7 6. Nf3 Nh6 7. 0-0 Qb6 8. d3 Be7 9. Nc3 0-0 10. Qe1 Rfd8 11. Qg3 Nf5 12. Qh3 c4+ 13. Kh1 cxd3 14. g4 Ne3 15. Na4 Qc6 16. Bxe3 Qxa4 17. cxd3 Qc2 18. Rad1 Qxb2 19. Rf2 Qa3 20. f5 exf5 21. gxf5 Bc5 22. Bxc5 Qxc5 23. d4 Qe7 24. Rg1 Kh8 25. Ng5 Nf8 26. f6 gxf6 27. exf6 Qe4+ 28. Nxe4 dxe4 29. Qh6 Ne6 30. Rf5 Rg8 31. Qxh7+ Kxh7 32. Rh5# 1-0

[Event "COL-ch"]
[Site "Bogota"]
[Date "2018.11.10"]
[Round "7"]
[White "Caballero Marrugo, David Jose"]
[Black "Latorre, Franklin Leandro"]
[Result "1/2-1/2"]
[WhiteElo "1547"]
[BlackElo "1818"]
[PlyCount "124"]
[EventDate "2018.11.06"]
[EventType "swiss"]
[EventRounds "9"]
[EventCountry "COL"]
[SourceTitle "CBM 187 Extra"]
[Source "ChessBase"]
[SourceDate "2018.11.04"]
[SourceVersion "1"]
[SourceVersionDate "2018.11.04"]
[SourceQuality "1"]

1. e4 d6 2. d4 Nf6 3. Nc3 e5 4. dxe5 dxe5 5. Qxd8+ Kxd8 6. Bg5 c6 7. 0-0-0+ Ke8 8. f4 h6 9. Bxf6 gxf6 10. fxe5 fxe5 11. Nf3 Nd7 12. Bc4 b5 13. Bb3 f6 14. Nh4 Nc5 15. Ng6 Nxb3+ 16. axb3 Rg8 17. Nxf8 Kxf8 18. Rd8+ Kf7 19. Rxg8 Kxg8 20. Rd1 b4 21. Rd8+ Kf7 22. Na4 Ke7 23. Rh8 h5 24. Rxh5 Be6 25. Nc5 Bf7 26. Rh7 Rd8 27. c3 Rd6 28. Kc2 Kf8 29. Rh8+ Bg8 30. Rh3 Ke7 31. Nd3 a5 32. Rg3 Bf7 33. Nc5 Rd8 34. Rd3 a4 35. Rxd8 axb3+ 36. Nxb3 Kxd8 37. cxb4 Bc4 38. Nd2 Be2 39. Nb1 Bf1 40. g3 Kd7 41. h4 Ke6 42. Kd2 f5 43. Ke3 fxe4 44. Nd2 Bg2 45. Nxe4 Kf5 46. Nc3 Kg4 47. b3 Kxg3 48. h5 Bh3 49. Ke4 Kg4 50. h6 Kg5 51. h7 Bf5+ 52. Kxe5 Bxh7 53. Kd6 Bc2 54. Kxc6 Bxb3 55. b5 Be6 56. Ne4+ Kf4 57. Nc5 Bh3 58. b6 Ke5 59. Kc7 Bg2 60. Nd3+ Kd4 61. Nb4 Kc5 62. Na6+ Kb5 1/2-1/2

[Event "COL-ch"]
[Site "Palmira"]
[Date "2017.05.20"]
[Round "8"]
[White "Buitrago, Juan Carlos"]
[Black "Latorre, Franklin Leandro"]
[Result "1/2-1/2"]
[WhiteElo "2085"]
[BlackElo "1827"]
[PlyCount "144"]
[EventDate "2017.05.15"]
[EventType "swiss"]
[EventRounds "10"]
[EventCountry "COL"]
[SourceTitle "CBM 178 Extra"]
[Source "ChessBase"]
[SourceDate "2017.06.22"]
[SourceVersion "1"]
[SourceVersionDate "2017.06.22"]
[SourceQuality "1"]

1. d4 Nf6 2. c4 g6 3. Nc3 d5 4. cxd5 Nxd5 5. e4 Nxc3 6. bxc3 Bg7 7. Bc4 c5 8. Be3 0-0 9. Ne2 Nc6 10. 0-0 Na5 11. Bd3 b6 12. Qd2 e5 13. dxc5 Be6 14. Rfd1 Nc4 15. Bxc4 Bxc4 16. Ng3 Qxd2 17. Rxd2 f5 18. Bg5 Rf7 19. Rad1 h6 20. Rd8+ Rxd8 21. Bxd8 f4 22. Nf1 bxc5 23. a3 Bf8 24. h3 Bb5 25. Nh2 f3 26. Ng4 Bg7 27. Ne3 fxg2 28. c4 Rd7 29. Rxd7 Bxd7 30. Kxg2 Kf7 31. f3 Ba4 32. Kf2 Ke8 33. Bc7 Bb3 34. Bd6 Kd7 35. Bxc5 a5 36. Bb6 a4 37. Bc5 Bf6 38. Nd5 Bd8 39. Ne3 Kc6 40. Bf8 h5 41. c5 Bh4+ 42. Ke2 Be6 43. Bd6 Bxh3 44. Nc4 Bg3 45. Bxe5 Kxc5 46. Bxg3 Kxc4 47. Bh4 Kb3 48. Be7 Be6 49. Kd3 h4 50. Bxh4 Kxa3 51. Kd4 Kb3 52. Bf6 a3 53. Ke5 Bh3 54. Kd5 a2 55. f4 Bg2 56. Ba1 Kc2 57. Kd4 Kb1 58. Bc3 a1Q 59. Bxa1 Kxa1 60. e5 Bh3 61. Kd5 Kb2 62. e6 Kc3 63. Kd6 Bf1 64. Ke5 Bb5 65. Kf6 Be8 66. Ke7 Ba4 67. Kf7 Bb3 68. Kf6 Kd4 69. e7 Ba4 70. Kxg6 Be8+ 71. Kf6 Kd5 72. f5 Kd6 1/2-1/2

[Event "COL-ch"]
[Site "Palmira"]
[Date "2017.05.18"]
[Round "5"]
[White "Bedoya, Gustavo"]
[Black "Latorre, Franklin Leandro"]
[Result "0-1"]
[WhiteElo "1587"]
[BlackElo "1827"]
[PlyCount "68"]
[EventDate "2017.05.15"]
[EventType "swiss"]
[EventRounds "10"]
[EventCountry "COL"]
[SourceTitle "CBM 178 Extra"]
[Source "ChessBase"]
[SourceDate "2017.06.22"]
[SourceVersion "1"]
[SourceVersionDate "2017.06.22"]
[SourceQuality "1"]

1. d4 d5 2. c4 c6 3. Nf3 e6 4. Nc3 dxc4 5. a4 Bb4 6. e3 b5 7. Bd2 Bb7 8. axb5 Bxc3 9. Bxc3 cxb5 10. b3 a5 11. bxc4 b4 12. Bb2 Nf6 13. Bd3 Nbd7 14. 0-0 0-0 15. Re1 Ne4 16. Qc2 f5 17. c5 Bd5 18. Bc4 Ndf6 19. Ne5 Ng4 20. f3 Nxe5 21. Bxd5 exd5 22. fxe4 Nc4 23. exd5 Qxd5 24. Ra4 Rfe8 25. Qb3 Re4 26. Bc1 f4 27. Re2 Qe6 28. Qa2 Re8 29. d5 Qxd5 30. Rxa5 Qd1+ 31. Kf2 Qxc1 32. c6 Rxe3 33. Ra8 Rxe2+ 34. Qxe2 Qe3+ 0-1

[Event "Pan American Amateur-ch"]
[Site "San Andres Islas"]
[Date "2014.08.28"]
[Round "4"]
[White "Latorre, Franklin Leandro"]
[Black "Neira, Oscar Roberto"]
[Result "1/2-1/2"]
[WhiteElo "1918"]
[BlackElo "1806"]
[PlyCount "146"]
[EventDate "2014.08.26"]
[EventType "swiss"]
[EventRounds "9"]
[EventCountry "COL"]
[SourceTitle "EXT 2016"]
[Source "ChessBase"]
[SourceDate "2015.10.08"]
[SourceVersion "1"]
[SourceVersionDate "2015.10.08"]
[SourceQuality "1"]

1. e4 e5 2. Nf3 Nc6 3. d4 exd4 4. Bc4 Nf6 5. e5 d5 6. Bb5 Ne4 7. Nxd4 Bd7 8. Bxc6 bxc6 9. 0-0 Bc5 10. f3 Ng5 11. f4 Ne4 12. Be3 Qe7 13. Nd2 Nxd2 14. Qxd2 0-0 15. c3 f6 16. b4 Bb6 17. Nb3 fxe5 18. fxe5 Qxe5 19. Nc5 Qe7 20. a4 a5 21. Bd4 Rxf1+ 22. Rxf1 Re8 23. Qf4 Bc8 24. h4 Rf8 25. Qxf8+ Qxf8 26. Rxf8+ Kxf8 27. Kf2 Kf7 28. bxa5 Bxc5 29. Bxc5 Ke6 30. g4 g6 31. Ke3 Ba6 32. Kf4 Kf7 33. Kg5 Be2 34. Kh6 Kg8 35. Kg5 Kf7 36. Bd4 Bd3 37. Be5 c5 38. Bxc7 d4 39. cxd4 cxd4 40. Be5 Bc2 41. Bxd4 Bxa4 42. Kf4 Ke6 43. a6 Bc6 44. Ke3 Kd5 45. Bb6 Ke5 46. Bc7+ Kd5 47. Kf4 Ke6 48. a7 Ba8 49. Kg5 Kf7 50. Kh6 Kg8 51. Kg5 Kf7 52. Kf4 Ke6 53. Ke3 Kd5 54. Kd3 Kc6 55. Bf4 Kd5 56. Bg3 Bb7 57. Kc3 Kc5 58. Bf2+ Kd5 59. Kb4 Kc6 60. Bc5 Kc7 61. Kc4 h5 62. Kd4 hxg4 63. Ke5 g3 64. Be3 Bc6 65. Kf6 Kb7 66. Kxg6 Be4+ 67. Kg7 g2 68. h5 Bb1 69. h6 Bc2 70. h7 Bxh7 71. Kxh7 g1Q 72. Bxg1 Ka8 73. Kg7 Kb7 1/2-1/2

[Event "Sopo op"]
[Site "Sopo"]
[Date "2013.04.26"]
[Round "1"]
[White "Latorre, Franklin Leandro"]
[Black "Becerra Fonseca, Camila Andrea"]
[Result "1-0"]
[WhiteElo "1952"]
[BlackElo "1503"]
[PlyCount "37"]
[EventDate "2013.04.26"]
[EventType "swiss"]
[EventRounds "5"]
[EventCountry "COL"]
[SourceTitle "CBM 154 Extra"]
[Source "ChessBase"]
[SourceDate "2013.06.25"]
[SourceVersion "2"]
[SourceVersionDate "2013.06.25"]
[SourceQuality "1"]

1. e4 c5 2. c3 e6 3. d4 Nc6 4. Nf3 Qb6 5. Bf4 a6 6. d5 exd5 7. exd5 Nce7 8. d6 Ng6 9. Bg3 Nf6 10. Qe2+ Ne7 11. Na3 g6 12. Nc4 Qa7 13. dxe7 Bxe7 14. Nd6+ Kd8 15. Nxf7+ Ke8 16. Nxh8 Nh5 17. Bd6 Kf8 18. Qxe7+ Kg8 19. Qf8# 1-0